[Event "Championnat de France des Jeunes - Minim"]
[Site "MONTLUCON"]
[Date "2011.04.18"]
[Round "3.9"]
[White "Aubry, Yannis"]
[Black "Muller, Matthieu"]
[Result "1-0"]
[WhiteElo "2078"]
[BlackElo "1928"]
[PlyCount "87"]

1. d4 Nf6 2. c4 c5 3. d5 e6 4. Nc3 exd5 5. cxd5 d6 6. e4 g6 7. f4 Bg7 8. Bb5+
Nfd7 9. a4 a6 10. Bd3 O-O 11. Nf3 Nf6 12. O-O Bg4 13. h3 Bxf3 14. Qxf3 Nbd7 15.
Rb1 Rc8 16. b3 Re8 17. Bd2 Nb6 18. Bc4 Nfd7 19. Kh1 Nxc4 20. bxc4 Nb6 21. Qd3
Rb8 22. a5 Nd7 23. Na4 Qe7 24. Rfe1 Bd4 25. Bc3 Bxc3 26. Qxc3 Qh4 27. Qf3 Qd8
28. Nb6 Nxb6 29. Rxb6 Qc7 30. e5 dxe5 31. d6 Qd7 32. fxe5 Re6 33. Qd5 Kh8 34.
Qxc5 Rc8 35. Qd5 Rc6 36. Rbb1 f6 37. c5 fxe5 38. Rxe5 Rxe5 39. Qxe5+ Kg8 40.
Re1 Rc8 41. Qd5+ Kf8 42. Qd4 Qg7 43. d7 Rd8 44. Re8+ 1-0

[Event "Championnat de France des Jeunes - Minim"]
[Site "MONTLUCON"]
[Date "2011.04.18"]
[Round "3.10"]
[White "Leveque, Guillaume"]
[Black "Lemeille, Francois"]
[Result "1-0"]
[WhiteElo "1901"]
[BlackElo "2074"]
[PlyCount "111"]

1. e4 c5 2. Nf3 d6 3. d4 cxd4 4. Nxd4 Nf6 5. Nc3 a6 6. Be3 e6 7. f3 b5 8. Qd2
Bb7 9. O-O-O Nbd7 10. Kb1 Nb6 11. Qf2 Nfd7 12. Bd3 Rc8 13. Rhe1 Be7 14. f4 Nc5
15. Nb3 Qc7 16. f5 O-O 17. Qg3 Kh8 18. Nxc5 dxc5 19. Bf4 Qc6 20. e5 Qxg2 21.
Qxg2 Bxg2 22. Ne4 Nd5 23. Bg3 c4 24. Bf1 Bxf1 25. fxe6 Bh3 26. Rxd5 Bxe6 27.
Rdd1 Bg4 28. Rd4 Rcd8 29. Nd6 Bh5 30. a4 bxa4 31. Rxc4 f6 32. Rc7 Bxd6 33. exd6
Rfe8 34. Rxe8+ Bxe8 35. c4 Kg8 36. c5 Rd7 37. Rc8 Kf7 38. c6 Ra7 39. Bf2 Bd7
40. cxd7 Rxd7 41. Bc5 g5 42. Ra8 f5 43. Kc2 Ke6 44. Rxa6 h5 45. Rxa4 g4 46. Kd2
h4 47. Ke2 Rb7 48. b4 f4 49. Ra8 Rh7 50. Re8+ Kd7 51. Re7+ Rxe7+ 52. dxe7 h3
53. Kf2 g3+ 54. hxg3 h2 55. Kg2 fxg3 56. b5 1-0

[Event "Championnat de France des Jeunes - Minim"]
[Site "MONTLUCON"]
[Date "2011.04.19"]
[Round "4.1"]
[White "Malka, Samuel"]
[Black "Moussard, Jules"]
[Result "1/2-1/2"]
[WhiteElo "2015"]
[BlackElo "2410"]
[PlyCount "75"]

1. d4 g6 2. e4 Bg7 3. Nc3 d6 4. Bc4 c6 5. a4 Nf6 6. Nf3 O-O 7. h3 d5 8. Bd3
dxe4 9. Nxe4 Nbd7 10. O-O Nxe4 11. Bxe4 c5 12. c3 cxd4 13. Nxd4 Nc5 14. Bf3 a6
15. Be3 Qc7 16. Nc6 bxc6 17. Bxc5 a5 18. Re1 Be6 19. Rxe6 fxe6 20. Qb3 Kh8 21.
Qxe6 Bf6 22. Re1 Rab8 23. Re2 Rfd8 24. g3 Qd7 25. Bxc6 Qxe6 26. Rxe6 Rxb2 27.
Bb5 Rc8 28. Bb6 Rxc3 29. Bxa5 Rc1+ 30. Kg2 Kg7 31. Bb6 Ra1 32. Re4 Raa2 33. Be3
g5 34. Kf3 h5 35. Be8 h4 36. gxh4 gxh4 37. Kg4 Rb8 38. Bb5 1/2-1/2

[Event "Championnat de France des Jeunes - Minim"]
[Site "MONTLUCON"]
[Date "2011.04.19"]
[Round "4.2"]
[White "Salles, Louis"]
[Black "Kirk, Ezra"]
[Result "1-0"]
[WhiteElo "2008"]
[BlackElo "2111"]
[PlyCount "67"]

1. e4 c5 2. Nf3 Nc6 3. d4 cxd4 4. Nxd4 g6 5. Nc3 Bg7 6. Nb3 Nf6 7. Be2 O-O 8.
O-O d6 9. Bg5 a6 10. f4 Be6 11. Kh1 Rc8 12. Bf3 b5 13. Nd5 Nd7 14. c3 Nb6 15.
Qe2 Re8 16. Rad1 Nc4 17. Rfe1 Qd7 18. e5 h6 19. Bh4 g5 20. Bf2 g4 21. Be4 Qd8
22. Bh4 h5 23. Bb1 dxe5 24. Nxe7+ Nxe7 25. Rxd8 Rcxd8 26. f5 Bd5 27. f6 e4 28.
fxe7 Rd6 29. Nc5 f5 30. Qf2 Rc6 31. Rd1 Nb6 32. Nb3 Be6 33. Rd8 Bf7 34. Nd4 1-0

[Event "Championnat de France des Jeunes - Minim"]
[Site "MONTLUCON"]
[Date "2011.04.19"]
[Round "4.3"]
[White "Messinger, Karl"]
[Black "Ringuet, Noe"]
[Result "1-0"]
[WhiteElo "1966"]
[BlackElo "2016"]
[PlyCount "139"]

1. e4 e5 2. Nf3 d6 3. d4 exd4 4. Nxd4 Nf6 5. Nc3 Be7 6. Be2 O-O 7. O-O Re8 8.
f4 Bf8 9. Bf3 c5 10. Nde2 Nc6 11. h3 Qb6 12. Be3 Qxb2 13. g4 Nb4 14. a3 Nxc2
15. Bc1 Qb3 16. Rb1 Qc4 17. Qxc2 Rb8 18. Ng3 b5 19. Be2 Qd4+ 20. Kg2 c4 21. Rd1
Qc5 22. g5 Nd7 23. Rd5 Qc6 24. Rdxb5 Rxb5 25. Nxb5 Bb7 26. Bf3 a6 27. Nd4 Qc7
28. Bd2 g6 29. Rc1 Rc8 30. Bg4 d5 31. e5 Re8 32. Qa4 Rd8 33. e6 Nc5 34. exf7+
Qxf7 35. Qa5 Re8 36. Qb6 Nd3 37. Be6 Rxe6 38. Qxe6 Qxe6 39. Nxe6 Nxc1 40. Bxc1
d4+ 41. Kf2 Bc8 42. Nxd4 Bxh3 43. Ne4 Kf7 44. Ke2 Bc8 45. Kd2 Bb7 46. Ng3 h6
47. Kc3 hxg5 48. fxg5 Bd5 49. Nge2 Ke8 50. Nf4 Bf7 51. Nfe6 Bd6 52. Kxc4 Kd7
53. Kd5 Bb8 54. Kc5 Ba7+ 55. Kb4 Bxe6 56. Nxe6 Kxe6 57. Ka5 Kd7 58. Kxa6 Bc5
59. Kb7 Be7 60. a4 Bd8 61. Bd2 Ke6 62. a5 Bxa5 63. Bxa5 Kf7 64. Bd2 Ke6 65. Kc6
Ke7 66. Kd5 Kf7 67. Kd6 Kf8 68. Ke6 Kg8 69. Kf6 Kh7 70. Kf7 1-0

[Event "Championnat de France des Jeunes - Minim"]
[Site "MONTLUCON"]
[Date "2011.04.19"]
[Round "4.4"]
[White "Giroyan, Gary"]
[Black "Barbaras, Mathieu"]
[Result "1-0"]
[WhiteElo "2249"]
[BlackElo "2016"]
[PlyCount "75"]

1. d4 Nf6 2. c4 g6 3. Nc3 Bg7 4. e4 d6 5. Nf3 O-O 6. Be2 e5 7. O-O Nc6 8. d5
Ne7 9. b4 Nh5 10. Re1 f5 11. Ng5 Nf6 12. f3 h6 13. Ne6 Bxe6 14. dxe6 c6 15. Be3
Re8 16. Qb3 Qc8 17. Rad1 Qxe6 18. Rxd6 Qc8 19. c5+ Kh7 20. Bc4 Qc7 21. Red1
Red8 22. Be6 f4 23. Bf2 b5 24. a4 a6 25. Bh3 Re8 26. Bd7 Rf8 27. Qe6 Nfg8 28.
Bxc6 Rf6 29. Qd7 Rxd6 30. Qxc7 Rxd1+ 31. Nxd1 Rc8 32. Qd7 Rxc6 33. axb5 axb5
34. Nc3 Ra6 35. h3 Nc6 36. Qb7 Nxb4 37. Qxb5 Ra1+ 38. Kh2 1-0

[Event "Championnat de France des Jeunes - Minim"]
[Site "MONTLUCON"]
[Date "2011.04.19"]
[Round "4.5"]
[White "Ravot, Emmanuel"]
[Black "Barbot, Pierre"]
[Result "0-1"]
[WhiteElo "2022"]
[BlackElo "2224"]
[PlyCount "130"]

1. d4 Nf6 2. c4 g6 3. Nc3 d5 4. Bf4 Bg7 5. Rc1 O-O 6. e3 c5 7. dxc5 Qa5 8. cxd5
Ne4 9. Nge2 Nxc5 10. a3 Ne4 11. Nd4 Nxc3 12. bxc3 Qxd5 13. Qb3 Qc5 14. Qb4 Nd7
15. Nb5 e5 16. Bg5 f6 17. Bc4+ Kh8 18. Bh4 a5 19. Qxc5 Nxc5 20. Ke2 Bd7 21. Nd6
h5 22. f3 Kh7 23. Rhd1 Bc6 24. Bd5 Ba4 25. Rd2 Rad8 26. Ne4 Nxe4 27. fxe4 b5
28. Rb1 Rc8 29. Kd3 Rc5 30. Rdb2 Rfc8 31. Rc1 g5 32. Be1 Bf8 33. h4 R5c7 34.
Rf2 Bxa3 35. Ra1 Be7 36. hxg5 fxg5 37. Rf5 Kg7 38. Bd2 Bf6 39. Raf1 Rf8 40. Be1
Rd7 41. Bg3 Bb3 42. Rxf6 Bc4+ 43. Kc2 Bxf1 44. Rc6 Re7 45. Be6 Bc4 46. Bxe5+
Kh7 47. Bxc4 Rxe5 48. Be6 g4 49. Kd3 Rd8+ 50. Bd5 h4 51. Kd4 Rde8 52. Rf6 h3
53. gxh3 gxh3 54. Rf3 Rh5 55. Rf1 h2 56. Rh1 Re7 57. Kc5 Kg7 58. Kd6 Ree5 59.
Bc6 Reg5 60. e5 Rg1 61. e6 Rxh1 62. Bxh1 a4 63. e7 Rh8 64. Kd7 a3 65. Bd5 Kf6
0-1

[Event "Championnat de France des Jeunes - Minim"]
[Site "MONTLUCON"]
[Date "2011.04.19"]
[Round "4.6"]
[White "Macon, Arthur"]
[Black "Aubry, Yannis"]
[Result "1-0"]
[WhiteElo "1997"]
[BlackElo "2078"]
[PlyCount "85"]

1. d4 Nf6 2. c4 e6 3. Nc3 Bb4 4. Qc2 d5 5. cxd5 exd5 6. Bg5 c5 7. Nf3 h6 8. Bh4
Nc6 9. dxc5 g5 10. Bg3 Ne4 11. e3 Qf6 12. Rc1 Bg4 13. Be2 O-O 14. O-O Bxc3 15.
bxc3 Nxg3 16. hxg3 Rad8 17. Rfd1 Rfe8 18. Rd2 Qe7 19. Rcd1 Qxc5 20. Nxg5 hxg5
21. Bxg4 Rd6 22. Bf3 Re5 23. Qb3 Na5 24. Qb4 Qxb4 25. cxb4 Nc6 26. Bxd5 Kg7 27.
Bxc6 Rxc6 28. Rd5 Rxd5 29. Rxd5 Rc1+ 30. Kh2 Kg6 31. Rd7 Ra1 32. Rxb7 Rxa2 33.
f3 f5 34. b5 g4 35. f4 Ra4 36. Rc7 Kf6 37. Rc6+ Kf7 38. Ra6 Rxa6 39. bxa6 Ke6
40. e4 fxe4 41. Kg1 Kd5 42. Kf2 Kd4 43. Ke2 1-0

[Event "Championnat de France des Jeunes - Minim"]
[Site "MONTLUCON"]
[Date "2011.04.19"]
[Round "4.7"]
[White "Leriche, Luc"]
[Black "Feryn, Benjamin"]
[Result "1-0"]
[WhiteElo "1931"]
[BlackElo "2056"]
[PlyCount "81"]

1. e4 e5 2. Nf3 Nc6 3. d4 exd4 4. Nxd4 Bc5 5. Nxc6 Qf6 6. Qd2 Qxc6 7. Nc3 Bb4
8. Qd4 Bxc3+ 9. bxc3 Qf6 10. Bd3 Qxd4 11. cxd4 Ne7 12. Bf4 d6 13. Rb1 Ng6 14.
Bg3 O-O 15. O-O b6 16. f4 f5 17. Bc4+ Kh8 18. e5 Bb7 19. Bd3 Rad8 20. h4 dxe5
21. dxe5 Ne7 22. h5 Nd5 23. Bh4 Rfe8 24. Rb3 Re6 25. Bc4 c6 26. Rd1 Rde8 27. h6
gxh6 28. Rg3 Nxf4 29. Bf6+ Rxf6 30. exf6 Ng6 31. f7 Rf8 32. Rd7 Bc8 33. Rxa7 f4
34. Rga3 Ne5 35. Bb3 Kg7 36. Rc7 Bf5 37. Raa7 b5 38. Re7 Ng6 39. Re8 c5 40.
Rxf8 Kxf8 41. Ra8+ 1-0

[Event "Championnat de France des Jeunes - Minim"]
[Site "MONTLUCON"]
[Date "2011.04.19"]
[Round "4.8"]
[White "Neri, Jean-Baptiste"]
[Black "Leveque, Guillaume"]
[Result "1-0"]
[WhiteElo "2052"]
[BlackElo "1901"]
[PlyCount "97"]

1. e4 c5 2. Nf3 d6 3. d4 cxd4 4. Nxd4 Nf6 5. Nc3 g6 6. f3 Bg7 7. Be3 Nc6 8. Qd2
Bd7 9. g4 Rc8 10. O-O-O Ne5 11. Bh6 Bxh6 12. Qxh6 Nc4 13. Bxc4 Rxc4 14. Qd2 Qb6
15. g5 Nh5 16. Nd5 Qa6 17. Kb1 Be6 18. Nxe6 fxe6 19. Nf4 Nxf4 20. Qxf4 Rc5 21.
Rhe1 Kd7 22. Qe3 Rhc8 23. Rd2 R8c6 24. f4 Ke8 25. Qh3 Qa5 26. Red1 Qa4 27. Qd3
Ra6 28. a3 b5 29. c3 Qb3 30. Qc2 Qxc2+ 31. Kxc2 Rc4 32. Rd4 Rac6 33. Kb3 a5 34.
a4 bxa4+ 35. Ka3 Rxd4 36. Rxd4 e5 37. fxe5 dxe5 38. Rxa4 Rd6 39. Rxa5 Rd2 40.
Rxe5 Rxh2 41. b4 Kd7 42. b5 Rh4 43. b6 Kc6 44. Re6+ Kb7 45. Kb4 Rg4 46. Kb5
Rxg5+ 47. e5 h5 48. Rxe7+ Kc8 49. b7+ 1-0

[Event "Championnat de France des Jeunes - Minim"]
[Site "MONTLUCON"]
[Date "2011.04.19"]
[Round "4.9"]
[White "Loiseau, Quentin"]
[Black "Bouyssieres, Max"]
[Result "1-0"]
[WhiteElo "2142"]
[BlackElo "1845"]
[PlyCount "145"]

1. d4 Nf6 2. c4 c5 3. d5 e6 4. Nf3 exd5 5. cxd5 d6 6. Nc3 g6 7. Bf4 a6 8. a4
Bg7 9. h3 O-O 10. e3 Qe7 11. Be2 Nbd7 12. O-O h6 13. Nd2 g5 14. Bh2 Ne5 15. f4
Ng6 16. Nc4 Ne8 17. Re1 Rb8 18. a5 f5 19. Ra3 Qf6 20. Rb3 gxf4 21. exf4 Nc7 22.
Kh1 Kh7 23. Bh5 Rf7 24. Rb6 Bf8 25. Ne5 Rg7 26. Nxg6 Rxg6 27. Bxg6+ Qxg6 28.
Qf3 Bd7 29. Bg1 Na8 30. Rb3 Qf7 31. Na2 b5 32. axb6 Rxb6 33. Rxb6 Nxb6 34. Rd1
Bg7 35. b4 Na4 36. bxc5 Nxc5 37. Nc3 Na4 38. Bd4 Nb2 39. Rd2 Nc4 40. Rd1 Nb2
41. Rb1 Bxd4 42. Rxb2 Qe8 43. Re2 Qf7 44. Qd3 Qg7 45. Nb1 a5 46. Ra2 a4 47. Nd2
Bc5 48. Nc4 Qf6 49. Nb2 a3 50. Nd1 Kg6 51. Ne3 Qe7 52. Nc2 Ba4 53. Qg3+ Kh7 54.
Nxa3 Bb3 55. Ra1 Bxd5 56. Rd1 Qe4 57. Nb1 Qc2 58. Re1 Be4 59. Rf1 d5 60. Nc3 d4
61. Nxe4 Qxe4 62. Rd1 Bd6 63. Qf2 Qxf4 64. Qxf4 Bxf4 65. Rxd4 Bg5 66. g3 Kg6
67. Kg2 Bf6 68. Rd6 Kg5 69. Kf3 h5 70. h4+ Kg6 71. Kf4 Kf7 72. Kxf5 Be7 73. Rd7
1-0

[Event "Championnat de France des Jeunes - Minim"]
[Site "MONTLUCON"]
[Date "2011.04.19"]
[Round "4.10"]
[White "Roubaud, Alexandre"]
[Black "Delvaux, Robin"]
[Result "1-0"]
[WhiteElo "2081"]
[BlackElo "1830"]
[PlyCount "65"]

1. e4 c5 2. Nf3 g6 3. d4 cxd4 4. Nxd4 Nc6 5. Nc3 Bg7 6. Be3 Nf6 7. Bc4 O-O 8.
Bb3 d6 9. f3 Bd7 10. Qd2 Nxd4 11. Bxd4 b5 12. h4 b4 13. Nd5 e5 14. Be3 Nxd5 15.
Bxd5 Be6 16. Bxa8 Qxa8 17. Bh6 Bxh6 18. Qxh6 Qb7 19. h5 Rc8 20. Qd2 Qc6 21.
hxg6 fxg6 22. O-O Qb6+ 23. Rf2 a5 24. Re1 Rc4 25. Qe3 Qc7 26. Rc1 Kg7 27. c3 a4
28. Rfc2 b3 29. axb3 axb3 30. Rd2 Ra4 31. Rcd1 Ra6 32. f4 Rc6 33. Rc1 1-0

[Event "Championnat de France des Jeunes - Minim"]
[Site "MONTLUCON"]
[Date "2011.04.20"]
[Round "5.1"]
[White "Salles, Louis"]
[Black "Messinger, Karl"]
[Result "1-0"]
[WhiteElo "2008"]
[BlackElo "1966"]
[PlyCount "65"]

1. e4 c5 2. Nf3 Nc6 3. d4 cxd4 4. Nxd4 g6 5. Nc3 Bg7 6. Nb3 Nf6 7. Be2 O-O 8.
O-O d6 9. Bg5 Bd7 10. Kh1 a5 11. a4 Nb4 12. f4 Bc6 13. Bf3 h6 14. Bh4 e5 15.
Bg3 Qc7 16. Rf2 Rfd8 17. Rd2 g5 18. fxe5 dxe5 19. Nd5 Bxd5 20. exd5 g4 21. d6
Qc8 22. c3 gxf3 23. cxb4 fxg2+ 24. Rxg2 axb4 25. Bxe5 Qe6 26. Qd4 Kh8 27. Rxg7
Kxg7 28. Bxf6+ Kh7 29. Qd3+ Kg8 30. Rg1+ Kf8 31. Be7+ Qxe7 32. dxe7+ Kxe7 33.
Qe4+ 1-0

[Event "Championnat de France des Jeunes - Minim"]
[Site "MONTLUCON"]
[Date "2011.04.20"]
[Round "5.2"]
[White "Moussard, Jules"]
[Black "Neri, Jean-Baptiste"]
[Result "1-0"]
[WhiteElo "2410"]
[BlackElo "2052"]
[PlyCount "43"]

1. Nf3 d5 2. b3 c5 3. Bb2 Nf6 4. e3 a6 5. c4 Nc6 6. cxd5 Nxd5 7. Be2 Qc7 8. d3
e5 9. Nbd2 Be7 10. Rc1 f6 11. O-O Be6 12. Re1 Qd7 13. Ne4 b6 14. d4 cxd4 15.
exd4 exd4 16. Rxc6 Qxc6 17. Nxd4 Qd7 18. Nxe6 Qxe6 19. Nxf6+ Kf8 20. Nxd5 Rd8
21. Bc4 Qd7 22. Qf3+ 1-0

[Event "Championnat de France des Jeunes - Minim"]
[Site "MONTLUCON"]
[Date "2011.04.20"]
[Round "5.3"]
[White "Giroyan, Gary"]
[Black "Malka, Samuel"]
[Result "1-0"]
[WhiteElo "2249"]
[BlackElo "2015"]
[PlyCount "65"]

1. d4 Nf6 2. c4 g6 3. Nc3 Bg7 4. e4 d6 5. Nf3 O-O 6. Be2 e5 7. O-O Na6 8. Re1
c6 9. Be3 Ng4 10. Bg5 f6 11. Bh4 g5 12. Bg3 Nh6 13. h3 Nf7 14. Rb1 f5 15. exf5
Bxf5 16. Bd3 Bxd3 17. Qxd3 exd4 18. Ne4 Nc5 19. Qd2 Nxe4 20. Rxe4 d5 21. cxd5
Qxd5 22. Rbe1 c5 23. Re7 Bf6 24. R7e6 Kg7 25. Rxf6 Kxf6 26. Be5+ Kg6 27. Qd3+
Kh6 28. Qf5 Qc6 29. Bf6 Rfe8 30. Rxe8 Rxe8 31. Nxg5 Re1+ 32. Kh2 Qd6+ 33. f4
1-0

[Event "Championnat de France des Jeunes - Minim"]
[Site "MONTLUCON"]
[Date "2011.04.20"]
[Round "5.4"]
[White "Barbot, Pierre"]
[Black "Macon, Arthur"]
[Result "1-0"]
[WhiteElo "2224"]
[BlackElo "1997"]
[PlyCount "71"]

1. e4 c6 2. d4 d5 3. e5 Bf5 4. h4 Qb6 5. Ne2 h6 6. Nd2 e6 7. Nb3 Nd7 8. Be3 Bh7
9. Nf4 Ne7 10. g4 Ng6 11. Nh5 O-O-O 12. Qf3 Bg8 13. O-O-O Ne7 14. Bd2 Qc7 15.
Bb4 Re8 16. Bd6 Qd8 17. Rh3 Ng6 18. Bxf8 Rxf8 19. Qg3 Qe7 20. f4 Bh7 21. f5
exf5 22. gxf5 Ngxe5 23. dxe5 Bxf5 24. Rh2 g6 25. Nf4 Qxe5 26. Re1 Qd6 27. Nd4
Be4 28. Bh3 Re8 29. Rf2 Re7 30. Qc3 Rhe8 31. Nb5 Qb8 32. Nxd5 Re5 33. Bxd7+
Kxd7 34. Nf6+ Ke7 35. Nxe8 cxb5 36. Nf6 1-0

[Event "Championnat de France des Jeunes - Minim"]
[Site "MONTLUCON"]
[Date "2011.04.20"]
[Round "5.5"]
[White "Loiseau, Quentin"]
[Black "Leriche, Luc"]
[Result "1-0"]
[WhiteElo "2142"]
[BlackElo "1931"]
[PlyCount "55"]

1. Nf3 Nf6 2. c4 c5 3. Nc3 g6 4. d4 cxd4 5. Nxd4 Nc6 6. e4 Nxd4 7. Qxd4 d6 8.
f3 Bg7 9. Be3 O-O 10. Qd2 a5 11. Be2 a4 12. O-O Qa5 13. Rfd1 a3 14. b4 Qxb4 15.
Rab1 Qa5 16. Bb6 Qh5 17. Rb5 Bh6 18. Qd3 g5 19. f4 Qg6 20. f5 Qg7 21. Bd4 e6
22. Rf1 e5 23. Bf2 Rd8 24. Rd1 Ra7 25. Rb6 Ra6 26. Nb5 Rxb6 27. Bxb6 Ne8 28.
Na7 1-0

[Event "Championnat de France des Jeunes - Minim"]
[Site "MONTLUCON"]
[Date "2011.04.20"]
[Round "5.6"]
[White "Kirk, Ezra"]
[Black "Cantin, Loic"]
[Result "1-0"]
[WhiteElo "2111"]
[BlackElo "1929"]
[PlyCount "57"]

1. d4 Nf6 2. c4 g6 3. Nc3 Bg7 4. g3 O-O 5. Bg2 d6 6. Nf3 Nc6 7. O-O a6 8. h3
Bd7 9. e4 e5 10. d5 Ne7 11. Ne1 b5 12. b3 Qb8 13. Nd3 c6 14. Be3 cxd5 15. cxd5
Nxe4 16. Nxe4 f5 17. Ng5 e4 18. Nf4 Bxa1 19. Qxa1 Qb7 20. Nfe6 Bxe6 21. dxe6
Nd5 22. Nf7 Rxf7 23. exf7+ Qxf7 24. Bd4 Rc8 25. Rc1 Qd7 26. Bf1 Rc6 27. a4 b4
28. Bc4 Qe6 29. Bh8 1-0

[Event "Championnat de France des Jeunes - Minim"]
[Site "MONTLUCON"]
[Date "2011.04.20"]
[Round "5.7"]
[White "Paci, Nicolas"]
[Black "Roubaud, Alexandre"]
[Result "0-1"]
[WhiteElo "1939"]
[BlackElo "2081"]
[PlyCount "88"]

1. Nf3 Nc6 2. g3 e5 3. d3 d5 4. Bg2 f6 5. e4 dxe4 6. dxe4 Qxd1+ 7. Kxd1 Bc5 8.
Be3 Bxe3 9. fxe3 Be6 10. c3 Nh6 11. Nbd2 O-O-O 12. h3 Nf7 13. Kc2 Ne7 14. b4
Nd6 15. Bf1 Nc6 16. Bd3 Rd7 17. a3 Rhd8 18. c4 Nf7 19. Be2 Ng5 20. Rad1 Nxh3
21. Rh2 h6 22. c5 Ng5 23. Nxg5 fxg5 24. Rhh1 a6 25. Kc3 Ne7 26. Nc4 Rxd1 27.
Rxd1 Rxd1 28. Bxd1 Bxc4 29. Kxc4 b5+ 30. cxb6 cxb6 31. a4 Kc7 32. Be2 Kc6 33.
b5+ axb5+ 34. axb5+ Kd6 35. Kb4 Ng8 36. Kc3 Nf6 37. g4 g6 38. Kd2 Nxe4+ 39. Ke1
Nf6 40. Kf2 h5 41. gxh5 gxh5 42. Bf3 e4 43. Be2 Ke5 44. Kg3 Kf5 0-1

[Event "Championnat de France des Jeunes - Minim"]
[Site "MONTLUCON"]
[Date "2011.04.20"]
[Round "5.8"]
[White "Martin, Axel"]
[Black "Dutreuil, Raphael"]
[Result "1-0"]
[WhiteElo "2035"]
[BlackElo "1874"]
[PlyCount "55"]

1. e4 c5 2. Nc3 d6 3. Nf3 a6 4. d4 cxd4 5. Nxd4 Nf6 6. Bg5 e6 7. f4 h6 8. Bh4
Nbd7 9. Qf3 Be7 10. O-O-O Qc7 11. Bxf6 Nxf6 12. g4 b5 13. g5 hxg5 14. fxg5 Nd7
15. g6 Bg5+ 16. Kb1 Ne5 17. Qg2 f6 18. h4 Rxh4 19. Rxh4 Bxh4 20. Nf3 Nxf3 21.
Qxf3 Bg5 22. e5 d5 23. Nxd5 Qb7 24. Nc7+ Ke7 25. Qc3 fxe5 26. Nxa8 Qxa8 27.
Qc7+ Kf6 28. Qf7# 1-0

[Event "Championnat de France des Jeunes - Minim"]
[Site "MONTLUCON"]
[Date "2011.04.20"]
[Round "5.9"]
[White "Ringuet, Noe"]
[Black "Roselle, Tristan"]
[Result "1-0"]
[WhiteElo "2016"]
[BlackElo "1868"]
[PlyCount "111"]

1. e4 e5 2. Nf3 Nc6 3. Nc3 Nf6 4. d4 exd4 5. Nxd4 Bb4 6. Nxc6 bxc6 7. Bd3 O-O
8. O-O Re8 9. Re1 h6 10. Bd2 d6 11. Qf3 Bc5 12. h3 Bd7 13. Ne2 d5 14. Ng3 Be6
15. e5 Nh7 16. Nf5 Bxf5 17. Bxf5 Kh8 18. Qg4 Rb8 19. b4 Be7 20. Bd7 h5 21. Qf5
g6 22. Qxf7 Qxd7 23. e6 Qd8 24. Qxg6 Bf6 25. Rad1 Qe7 26. Qxh5 Rg8 27. a3 Rbf8
28. Be3 Qxe6 29. Bxa7 Qf7 30. Qxf7 Rxf7 31. Bd4 Rfg7 32. g4 Bxd4 33. Rxd4 Ng5
34. Kg2 Ne4 35. f4 Nd6 36. Re5 Ra8 37. Rd3 Kg8 38. Rde3 Kf8 39. Re6 Nc4 40. Rd3
Nd6 41. f5 Re7 42. Rxe7 Kxe7 43. Kf3 Nc4 44. Kf4 Nxa3 45. Re3+ Kf7 46. c3 Nc4
47. Re6 Nd6 48. g5 Re8 49. Rxe8 Kxe8 50. Ke5 Ne4 51. g6 Nxc3 52. f6 Nb5 53. h4
Kf8 54. h5 Nd6 55. h6 Kg8 56. h7+ 1-0

[Event "Championnat de France des Jeunes - Minim"]
[Site "MONTLUCON"]
[Date "2011.04.20"]
[Round "5.10"]
[White "Gregot, Stanislas"]
[Black "Deslias, Gregoire"]
[Result "0-1"]
[WhiteElo "1505"]
[BlackElo "1943"]
[PlyCount "62"]

1. e4 c5 2. Nf3 a6 3. d4 cxd4 4. Nxd4 Nf6 5. Nc3 e5 6. Nf3 Bb4 7. Bd2 d6 8. Nd5
Bxd2+ 9. Nxd2 Nxd5 10. exd5 O-O 11. Bd3 f5 12. c4 e4 13. Bc2 Qg5 14. Qe2 b5 15.
h4 Qf6 16. O-O-O bxc4 17. Nxc4 a5 18. Rdg1 Ba6 19. b3 Rc8 20. g4 a4 21. g5 Qa1+
22. Kd2 Qd4+ 23. Ke1 axb3 24. axb3 Bxc4 25. bxc4 Ra2 26. Kf1 Rxc4 27. Qh5 g6
28. Qh6 Rcxc2 29. Kg2 Qxf2+ 30. Kh3 Rc3+ 31. Rg3 Rxg3# 0-1

[Event "Championnat de France des Jeunes - Minim"]
[Site "MONTLUCON"]
[Date "2011.04.21"]
[Round "6.1"]
[White "Moussard, Jules"]
[Black "Salles, Louis"]
[Result "1-0"]
[WhiteElo "2410"]
[BlackElo "2008"]
[PlyCount "120"]

1. e4 c5 2. Nf3 d6 3. d4 cxd4 4. Qxd4 Nc6 5. Bb5 Bd7 6. Bxc6 Bxc6 7. Nc3 Nf6 8.
Bg5 e6 9. O-O-O Be7 10. Rhe1 O-O 11. Kb1 h6 12. Bh4 Re8 13. Qd2 Nxe4 14. Nxe4
Bxh4 15. Nxd6 Rf8 16. Qf4 Bg5 17. Nxg5 Qxg5 18. Qxg5 hxg5 19. f3 Rfd8 20. Nc4
b6 21. b3 Kf8 22. Kb2 Ke7 23. a4 f6 24. h3 Rxd1 25. Rxd1 Rd8 26. Re1 e5 27. a5
b5 28. Ne3 Ke6 29. Kc3 Rd4 30. Re2 g6 31. Kb2 f5 32. c3 Rd8 33. Nc2 Kf6 34. Ka3
a6 35. Kb4 e4 36. Nd4 Bb7 37. fxe4 Bxe4 38. Kc5 Rd5+ 39. Kb4 Rd8 40. Rd2 Rd6
41. Kc5 Rd5+ 42. Kb6 Rd6+ 43. Ka7 b4 44. cxb4 Bxg2 45. Rxg2 Rxd4 46. b5 axb5
47. Kb6 f4 48. a6 Kf5 49. a7 Rd8 50. Kxb5 f3 51. Rd2 Ra8 52. Ka6 Kf4 53. b4 Ke3
54. Rd7 Rf8 55. Rd1 f2 56. b5 Ke2 57. Ra1 f1=Q 58. Rxf1 Kxf1 59. b6 Kg2 60. b7
Kxh3 1-0

[Event "Championnat de France des Jeunes - Minim"]
[Site "MONTLUCON"]
[Date "2011.04.21"]
[Round "6.2"]
[White "Barbot, Pierre"]
[Black "Giroyan, Gary"]
[Result "1/2-1/2"]
[WhiteElo "2224"]
[BlackElo "2249"]
[PlyCount "46"]

1. e4 c5 2. Nf3 e6 3. d4 cxd4 4. Nxd4 Nf6 5. Nc3 d6 6. g4 Nc6 7. g5 Nd7 8. Be3
Be7 9. h4 a6 10. Qg4 O-O 11. O-O-O Qa5 12. Qg2 Nxd4 13. Bxd4 b5 14. e5 dxe5 15.
Be3 Rb8 16. Bd3 Bb7 17. Be4 Bxe4 18. Nxe4 Nb6 19. Bxb6 Rxb6 20. Kb1 Qb4 21. Rd7
Bd8 22. Rhd1 Rb8 23. f3 Qc4 1/2-1/2

[Event "Championnat de France des Jeunes - Minim"]
[Site "MONTLUCON"]
[Date "2011.04.21"]
[Round "6.3"]
[White "Ringuet, Noe"]
[Black "Loiseau, Quentin"]
[Result "1/2-1/2"]
[WhiteElo "2016"]
[BlackElo "2142"]
[PlyCount "66"]

1. e4 e5 2. Nf3 Nc6 3. Nc3 Nf6 4. d4 exd4 5. Nxd4 Bc5 6. Nxc6 bxc6 7. Bd3 d6 8.
O-O Qe7 9. Bg5 h6 10. Bh4 g5 11. Bg3 h5 12. e5 Ng4 13. exd6 cxd6 14. Re1 Be6
15. Bf5 Nf6 16. Qf3 Kd7 17. Rad1 g4 18. Qd3 h4 19. Be5 Rh5 20. Bxf6 Qxf6 21.
Bxe6+ fxe6 22. Ne4 Qe7 23. Qa6 Kc7 24. Qa5+ Kb7 25. Nxd6+ Qxd6 26. Rxd6 Bxf2+
27. Kxf2 Rxa5 28. Rexe6 Rxa2 29. Rxc6 Rxb2 30. Rc4 Rc8 31. Re7+ Kb8 32. Rxc8+
Kxc8 33. Rxa7 Rxc2+ 1/2-1/2

[Event "Championnat de France des Jeunes - Minim"]
[Site "MONTLUCON"]
[Date "2011.04.21"]
[Round "6.4"]
[White "Deslias, Gregoire"]
[Black "Kirk, Ezra"]
[Result "1/2-1/2"]
[WhiteElo "1943"]
[BlackElo "2111"]
[PlyCount "106"]

1. d4 Nf6 2. c4 g6 3. Nc3 Bg7 4. e4 d6 5. f3 O-O 6. Nge2 c5 7. d5 e6 8. Ng3
exd5 9. cxd5 a6 10. a4 Nbd7 11. Be2 Ne8 12. Qc2 Nc7 13. O-O Rb8 14. a5 b5 15.
axb6 Rxb6 16. f4 Qe7 17. e5 dxe5 18. Nge4 Nb5 19. Nxb5 axb5 20. f5 Bb7 21. Ra7
Ra8 22. f6 Nxf6 23. d6 Qd8 24. Rxb7 Rxb7 25. Bg5 Qb6 26. Bxf6 c4+ 27. Kh1 Rd7
28. Bxg7 Kxg7 29. Qc3 Qd4 30. Qf3 Rad8 31. Nf6 Qxd6 32. Nxd7 Rxd7 33. b3 Qd5
34. Qf6+ Kg8 35. bxc4 bxc4 36. h4 Qd6 37. Qxd6 Rxd6 38. Bxc4 Rd7 39. h5 Kg7 40.
Kh2 f5 41. hxg6 hxg6 42. Kh3 Kf6 43. Kg3 Rd4 44. Be2 Rd2 45. Kf3 Rb2 46. Ke3
f4+ 47. Kf3 e4+ 48. Kf2 Ke5 49. Ra1 g5 50. Ra5+ Kf6 51. Ra6+ Ke5 52. Ra5+ Kf6
53. Ra6+ Ke5 1/2-1/2